Responses for Show #9073 - Wednesday, April 3, 2024

2024 Jeopardy! Invitational Tournament semifinal game 2.

Contestants

[<< previous game]

Sam Kavanaugh, an educator from Minneapolis, Minnesota

Andrew He, a stay-at-home dad from Concord, California

Larissa Kelly, an editor from Richmond, California

[next game >>]

Jeopardy! Round responses

STARS & CONSTELLATIONS
AS HEARD ON TV
BABY TALK
HISTORIC REFUSALS
SPRINKLE, SPRINKLE
ENDS IN A BODY PART
    $200 23
a kite

Sam
    $200 30
Mindy Kaling

Larissa
    $200 28
christening

Sam
    $200 19
(Ken: Yes, brutal JQA takedown there.)

the Revolutionary War

Sam
    $200 25
(Ken: Yes, but is it in your stew?)
(Andrew: It could be.)
(Ken: We don't know.)
[Laughter]

MSG

Andrew
    $200 29
charm

Andrew
    $400 22
Sirius

Larissa
    $400 21
[Laughter]
(Andrew: I'd watch that.)
[Laughter]

K

Andrew
    $400 27
(Andrew: What are stork's kisses?)

stork's bites

LarissaAndrew
    $400 18
Magellan

Larissa
    $400 24
Old Bay

Larissa
    $400 26
scuttlebutt

Sam
    $600 9
the dove

Andrew
    $600 20
St. Elsewhere

Larissa
    $600 16
a bris

Andrew
    $600 17
Protestantism (the Reformation)

Larissa
    $600 15
(Ken: Good on mangoes.)

Tajin

Andrew
    $600 1
(Ken: Ends in "heel", that's correct.)

a cartwheel

Andrew
    $3,600 8
(Larissa: I don't feel great about this, but let's bet it all.)
(Ken: Everybody's doing it, whether they feel great about it or not.)
...
(Ken: Larissa?)
(Larissa: No.)

Mensa

Larissa
    $800 5
black-ish

Larissa
    $800 4
a foundling

Larissa
    $800 10
the Nazi salute

Sam
    $800 12
liquid smoke

Andrew
    $800 13
(Gordon) Lightfoot

Triple Stumper
    $1000 7
Antares

Larissa
    $1000 6
The Good Place

Andrew
    $1000 3
swaddling clothes

Larissa
    $1000 11
Thucydides

Larissa
    $1000 2
peri-peri

Andrew
    $1000 14
(Sam: What is the... head?)

the fountainhead

Sam
Triple Stumper

Scores at the first commercial break (after clue 15):

Larissa Andrew Sam
$1,000 $4,600 -$200

Scores at the end of the Jeopardy! Round:

Larissa Andrew Sam
$4,000 $5,600 $800

Double Jeopardy! Round responses

BODIES OF WATER
BEFORE THEY WERE CONGRESSWOMEN
MATH TALK
FILM COMPOSERS
CLASSICAL LITERATURE
STARTS WITH 3 CONSECUTIVE LETTERS
    $400 28
Sweden

Larissa
    $400 26
AOC (Alexandria Ocasio-Cortez)

Larissa
    $400 27
(Sam: What's an axiom?)

theorem

Sam
Triple Stumper
    $400 24
Danny Elfman

Sam
    $400 29
Socrates

Larissa
    $400 30
defamation

Triple Stumper
    $800 9
the Bay of Biscay

Andrew
    $800 25
Susan Collins

Larissa
    $800 14
a cylinder

Andrew
    $800 23
John Williams

Larissa
    $800 22
(Ken: Yeah, sorry, bad news for you and your fiancée.)
[Laughter]
(Sam: Go, slime.)

an evil

Sam
    $800 21
studious

Sam
    $1200 3
Trinidad

Andrew
    $1200 15
Telemundo

Andrew
    $1200 7
product

Larissa
    $1200 8
(Nick) Cave

Sam
    $9,600 11
Electra

Andrew
    $1200 17
(Ken: Yeah, "H-I-J".)

hijackers

Andrew
    $1600 2
the Lena

Larissa
    $6,000 16
(Tammy) Duckworth

Andrew
    $1600 6
the intercept

Sam
    $1600 12
Bernard Herrmann

Triple Stumper
    $1600 4
Horace

Larissa
    $1600 18
nopales

Andrew
    $2000 1
Corinth

Sam
    $2000 20
Gillibrand

Larissa
    $2000 10
the subtrahend

Andrew
    $2000 13
John Barry

Triple Stumper
    $2000 5
Josephus

Sam
    $2000 19
Tuvalu

Andrew

Scores at the end of the Double Jeopardy! Round:

Larissa Andrew Sam
$13,200 $32,000 $9,200
(lock game)

[wagering suggestions for these scores]

Final Jeopardy! Round responses

PHYSICISTS
(Ken: [To Andrew] Yes, the [*] force explains the movement of objects on a spinning Earth, not unlike a billiard ball, perhaps.)
SamWho is Andrew He, Physicist
$0
LarissaWho is Congrats Andrew!
$1,000
AndrewWho is Coriolis?
$0
(Gaspard-Gustave de) Coriolis

Final scores:

Larissa Andrew Sam
$12,200 $32,000 $9,200
2nd place: $10,000 Finalist 3rd place: $10,000

Game dynamics:

Coryat scores:

Larissa Andrew Sam
$16,800 $19,200 $9,200
21 R,
1 W
(including 1 DD)
20 R
(including 2 DDs),
1 W
12 R,
2 W

Combined Coryat: $45,200

[game clues] [game scores] [suggest correction]

Game tape date: 2024-02-27
The J! Archive is created by fans, for fans. Scraping, republication, monetization, and malicious use prohibited; this site may use cookies and collect identifying information. See terms. The Jeopardy! game show and all elements thereof, including but not limited to copyright and trademark thereto, are the property of Jeopardy Productions, Inc. and are protected under law. This website is not affiliated with, sponsored by, or operated by Jeopardy Productions, Inc. Join the discussion at JBoard.tv.